[Event "Women's Speed Chess Q5"]
[Site "chess.com INT"]
[Date "2020.06.22"]
[Round "7"]
[White "Shafigullina, Zarina"]
[Black "Jakubowska, Anna"]
[Result "0-1"]
[WhiteTitle "WFM"]
[BlackTitle "WIM"]
[WhiteElo "2296"]
[BlackElo "2073"]
[WhiteFideId "24174220"]
[BlackFideId "1121952"]
[EventDate "2020.06.22"]

1. d4 d5 2. Nf3 Nf6 3. g3 c6 4. c4 Bg4 5. Bg2 Bxf3 6. Bxf3 e6 7. cxd5 exd5 8.
O-O Bd6 9. Nc3 O-O 10. e4 dxe4 11. Nxe4 Nxe4 12. Bxe4 Nd7 13. d5 Nf6 14. Bg2
Nxd5 15. Bxd5 cxd5 16. Qxd5 b6 17. Rd1 Bc5 18. Bf4 Qf6 19. b3 Rad8 20. Qg5 Qxg5
21. Bxg5 f6 22. Bf4 Kf7 23. Bc7 Rxd1+ 24. Rxd1 Re8 25. Rd7+ Re7 26. Rxe7+ Kxe7
27. Bf4 Ke6 28. Kg2 a5 29. Kf3 Kd5 30. Ke2 Kd4 31. Bd2 Kd5 32. f3 Bg1 33. h3 Bc5
34. Kd3 Bf2 35. Bf4 Bc5 36. g4 Bb4 37. Be3 Bc5 38. Bd2 Bd6 39. h4 Bg3 40. h5 Bd6
41. Be3 Bc5 42. Bd2 Bd6 43. Bc1 Be7 44. Bb2 Bf8 45. h6 Ke6 46. hxg7 Bxg7 47. Ke4
Bf8 48. Bd4 b5 49. f4 Bd6 50. a4 bxa4 51. bxa4 Bb4 52. Bb6 Bc3 53. Bc7 Bd2 54.
Bb6 Bc3 55. g5 fxg5 56. fxg5 Kf7 57. Kf5 Bb4 58. Bc7 Bc3 59. Bd8 Bb4 60. Ke4 Bc3
61. Kd5 Kg6 62. Kc4 Bd2 63. Kb5 Bxg5 64. Bxg5 Kxg5 65. Kxa5 h5 66. Kb6 h4 67. a5
h3 68. a6 h2 69. a7 h1=Q 70. Kc7 Qa8 0-1

[Event "Women's Speed Chess Q5"]
[Site "chess.com INT"]
[Date "2020.06.22"]
[Round "7"]
[White "Toncheva, Nadya"]
[Black "Vantika, Agrawal"]
[Result "0-1"]
[WhiteTitle "WFM"]
[BlackTitle "WIM"]
[WhiteElo "2064"]
[BlackElo "2286"]
[WhiteFideId "2924056"]
[BlackFideId "25050389"]
[EventDate "2020.06.22"]

1. d4 Nf6 2. c4 g6 3. Nc3 Bg7 4. e4 d6 5. Be2 O-O 6. Bg5 Na6 7. h4 e5 8. d5 c6
9. h5 cxd5 10. cxd5 Bd7 11. Nf3 Qb6 12. Qc2 Nc5 13. h6 Bh8 14. O-O Rac8 15. Rfc1
Ncxe4 16. Be3 Qa5 17. Qb3 Nxc3 18. bxc3 Nxd5 19. Qxb7 Nxc3 20. Bf1 Bc6 21. Qxa7
Qxa7 22. Bxa7 e4 23. Nd4 Bd5 24. a4 Be5 25. a5 Rfe8 26. Ra3 Bxd4 27. Bxd4 Ne2+
28. Bxe2 Rxc1+ 29. Kh2 f5 30. a6 Rc2 31. Bb5 Ra8 32. a7 Rc7 33. Ra5 Kf7 34. Be2
Ke6 35. g4 Rb7 36. gxf5+ gxf5 37. Bh5 Bc6 38. Be2 Rb4 39. Be3 d5 40. Bc5 Rb2 41.
Bf1 Kd7 42. Ra6 Rc2 43. Bd4 f4 44. Bh3+ Kc7 45. Be5+ Kb7 46. Ra5 Rxa7 47. Bc8+
Kb6 48. Bd4+ Kxa5 49. Bxa7 Kb4 50. Bd4 Kc4 51. Ba7 e3 52. Bf5 Rxf2+ 53. Kg1 d4
54. Bxh7 Rg2+ 55. Kf1 f3 56. Bf5 e2+ 57. Ke1 Rg1+ 0-1

[Event "Women's Speed Chess Q5"]
[Site "chess.com INT"]
[Date "2020.06.22"]
[Round "7"]
[White "Nurmanova, Alua"]
[Black "Gaponenko, Inna"]
[Result "0-1"]
[WhiteTitle "WFM"]
[BlackTitle "IM"]
[WhiteElo "2026"]
[BlackElo "2396"]
[WhiteFideId "13729390"]
[BlackFideId "14101181"]
[EventDate "2020.06.22"]

1. e4 g6 2. d4 Bg7 3. g3 d6 4. Bg2 Nf6 5. Ne2 O-O 6. O-O c5 7. dxc5 dxc5 8. e5
Qxd1 9. Rxd1 Nfd7 10. f4 Nc6 11. c3 f6 12. exf6 Nxf6 13. Be3 e5 14. Bxc5 Re8 15.
Na3 Bg4 16. Rd2 Bxe2 17. Rxe2 exf4 18. Rxe8+ Rxe8 19. gxf4 Re2 20. Nc4 Ne4 21.
Bf3 Nxc5 22. Bxe2 Ne6 23. Nd6 Nxf4 24. Bc4+ Kf8 25. Rf1 Be5 26. Nxb7 g5 27. Nc5
Ke7 28. Nd3 Nxd3 29. Bxd3 h6 30. Bg6 Bf4 31. b4 Ne5 32. Be4 Bd2 33. c4 Bxb4 34.
Rc1 Bc5+ 35. Kg2 h5 36. Kg3 h4+ 37. Kg2 g4 38. h3 g3 39. Bd5 Nd3 40. Rf1 Bf2 41.
Rd1 Nf4+ 42. Kf3 Nxh3 43. Rh1 Ng5+ 44. Kg4 h3 45. Kxg5 g2 46. Rd1 g1=Q+ 47. Rxg1
Bxg1 48. Kh4 h2 49. Kg3 Kd6 50. Kf4 Kc5 51. Ke5 a5 52. a4 Kb4 53. Kd6 Kxa4 54.
c5 Kb4 55. c6 Bb6 56. c7 Bxc7+ 57. Kxc7 a4 58. Kd6 a3 59. Ke5 a2 0-1

[Event "Women's Speed Chess Q5"]
[Site "chess.com INT"]
[Date "2020.06.22"]
[Round "7"]
[White "Sharma, Isha"]
[Black "Daulyte-Cornette, Deimante"]
[Result "0-1"]
[WhiteTitle "WIM"]
[BlackTitle "IM"]
[WhiteElo "2276"]
[BlackElo "2400"]
[WhiteFideId "35006665"]
[BlackFideId "12802859"]
[EventDate "2020.06.22"]

1. e4 Nf6 2. e5 Nd5 3. c4 Nb6 4. d4 d6 5. f4 g6 6. Nf3 Bg7 7. Nc3 Be6 8. d5 Bg4
9. exd6 exd6 10. Be3 O-O 11. Bd4 Bxf3 12. gxf3 Qh4+ 13. Bf2 Qxf4 14. Be2 Nxc4
15. O-O Ne3 16. Qc1 Qg5+ 17. Bg3 Bd4 18. Kh1 Qf5 19. Nb5 Bb6 20. Re1 Nxd5 21.
Qc4 a6 22. Nc3 Nxc3 23. Qxc3 Nc6 24. a3 Rae8 25. Rad1 Re3 26. Rd3 Rxd3 27. Qxd3
Qxd3 28. Bxd3 Bd4 29. b4 Ne5 30. Be4 c6 31. Rd1 Bb2 32. Rxd6 Nc4 33. Rd7 Bxa3
34. Rxb7 Nd2 35. Bxc6 Rd8 36. Kg2 Nc4 37. Be4 Ne3+ 38. Kf2 Nd1+ 39. Ke1 Nc3 40.
Be5 Nxe4 41. fxe4 h5 42. Bf6 Re8 43. e5 Bb2 44. Kd2 Bxe5 45. Bxe5 Rxe5 46. Rb6
Re6 47. Rb7 Kg7 48. Kc3 g5 49. Kc4 g4 50. Rd7 h4 51. Rd4 Rg6 52. Kd5 g3 53. hxg3
hxg3 54. Rd1 g2 55. Rg1 Kf6 56. Ke4 Kg5 57. Kf3 Kh4 58. Rxg2 Rxg2 59. Kxg2 Kg4
60. Kf2 Kf4 61. Ke2 f5 62. Kd3 Kg3 63. Ke2 f4 64. Kf1 Kf3 65. Ke1 Kg2 0-1

[Event "Women's Speed Chess Q5"]
[Site "chess.com INT"]
[Date "2020.06.22"]
[Round "7"]
[White "Kashlinskaya, Alina"]
[Black "Sargsyan, Anna M."]
[Result "1-0"]
[WhiteTitle "IM"]
[BlackTitle "WGM"]
[WhiteElo "2494"]
[BlackElo "2405"]
[WhiteFideId "4198026"]
[BlackFideId "13308130"]
[EventDate "2020.06.22"]

1. d4 d5 2. c4 c6 3. cxd5 cxd5 4. Bg5 f6 5. Bd2 Nc6 6. e3 e5 7. Bb5 Bd6 8. Nc3
Ne7 9. Nge2 O-O 10. O-O Kh8 11. f3 Bf5 12. Be1 Rc8 13. Bg3 Qb6 14. Kh1 Rfd8 15.
Rc1 Bg6 16. Bd3 Bxd3 17. Qxd3 Nb4 18. Qd2 Nf5 19. a3 Nxg3+ 20. Nxg3 exd4 21.
exd4 Bxg3 22. hxg3 Nc6 23. Ne2 Re8 24. Nf4 Qxd4 25. Qxd4 Nxd4 26. Nxd5 Ne2 27.
Rxc8 Nxg3+ 28. Kg1 Rxc8 29. Re1 h5 30. Re7 h4 31. Rxb7 Rc1+ 32. Kf2 Rc2+ 33. Ke3
Rxg2 34. Nf4 Nf1+ 35. Ke4 Rg5 36. Rxa7 Kh7 37. a4 Re5+ 38. Kd3 Re3+ 39. Kd4 Rxf3
40. Ne6 Rg3 41. Nf4 h3 42. Nxh3 Rxh3 43. a5 Rh4+ 44. Kd5 Ne3+ 45. Ke6 Re4+ 46.
Kf7 Ra4 47. a6 Nd5 48. Kf8 Kg6 49. b3 Ra5 50. Rxg7+ Kf5 51. a7 Nf4 52. b4 Ne6+
53. Kg8 Ra6 54. Rh7 Ra4 55. b5 Nc5 56. b6 Ke6 57. Rc7 Kd6 58. Rxc5 1-0

[Event "Women's Speed Chess Q5"]
[Site "chess.com INT"]
[Date "2020.06.22"]
[Round "7"]
[White "Bartel, Marta"]
[Black "Tarleva, Vira"]
[Result "1-0"]
[WhiteTitle "WGM"]
[BlackTitle "WFM"]
[WhiteElo "2192"]
[BlackElo "2030"]
[WhiteFideId "1123009"]
[BlackFideId "14116693"]
[EventDate "2020.06.22"]

1. d4 d5 2. c4 c6 3. cxd5 cxd5 4. Bf4 Nc6 5. Nc3 Nf6 6. e3 e6 7. Rc1 a6 8. Nf3
Bd6 9. Bg5 O-O 10. Bd3 Na5 11. O-O b5 12. Ne5 Bb7 13. f4 Be7 14. Bxf6 Bxf6 15.
Rf3 Bxe5 16. fxe5 h6 17. Rg3 f5 18. exf6 Rxf6 19. Qg4 Qf8 20. Ne2 Rc8 21. h3
Rxc1+ 22. Nxc1 Nc4 23. b3 Nd6 24. Ne2 Nf5 25. Rf3 Nd6 26. Nf4 Bc8 27. Ng6 Qf7
28. Ne5 Qf8 29. Rg3 Nf5 30. Bxf5 Rxf5 31. Qg6 Rf1+ 32. Kh2 Rf2 33. Qxh6 Qf6 34.
Qxf6 Rxf6 35. Rf3 Rxf3 36. gxf3 Kf8 37. Kg3 Ke7 38. Kf4 Kf6 39. h4 a5 40. Ng4+
Kg6 41. Ne5+ Kf6 42. h5 a4 43. Ng4+ Ke7 44. bxa4 bxa4 45. a3 Ba6 46. Ke5 Be2 47.
Kf4 Bd3 48. Ne5 Bc2 49. Nc6+ Kd6 50. Ne5 Ke7 51. Kg5 Bd1 52. h6 gxh6+ 53. Kxh6
Bc2 54. Kg7 Bd1 55. Ng6+ Kd6 56. Kf6 Bc2 57. Ne5 Bd1 58. Nf7+ Kd7 59. Ng5 Kd6
60. Nxe6 Bxf3 61. Nf4 Be4 62. Ne2 Bf3 63. Nc3 Bg2 64. Nxa4 1-0

[Event "Women's Speed Chess Q5"]
[Site "chess.com INT"]
[Date "2020.06.22"]
[Round "7"]
[White "Gevorgyan, Maria"]
[Black "Divya, Deshmukh"]
[Result "0-1"]
[WhiteTitle "WGM"]
[BlackTitle "WIM"]
[WhiteElo "2228"]
[BlackElo "2305"]
[WhiteFideId "13300270"]
[BlackFideId "35006916"]
[EventDate "2020.06.22"]

1. e4 c5 2. Nc3 Nc6 3. Bb5 Nd4 4. Bc4 a6 5. a4 b6 6. Nf3 e6 7. Nxd4 cxd4 8. Ne2
Bb7 9. d3 d5 10. exd5 Bxd5 11. Bxd5 Qxd5 12. O-O Nf6 13. Nf4 Qd7 14. c4 Bd6 15.
Qf3 O-O 16. Ne2 e5 17. Ng3 Qg4 18. Qc6 Bc5 19. h3 Qg6 20. Re1 Qxd3 21. Bg5 Rfc8
22. Qb7 Ne8 23. Rxe5 Nd6 24. Qd5 Qxc4 25. Rae1 Qxd5 26. Rxd5 Re8 27. Rd1 Nc4 28.
b3 Ne5 29. Ne4 Ng6 30. Nxc5 bxc5 31. Rxc5 f6 32. Bd2 Rab8 33. b4 Ne5 34. Rd5
Red8 35. Rxd8+ Rxd8 36. Kf1 d3 37. f3 Nc4 38. Kf2 Re8 39. Bc3 Re2+ 40. Kg3 Rxg2+
41. Kxg2 Ne3+ 42. Kg3 Nxd1 43. Bd2 Nb2 44. b5 axb5 45. axb5 Nc4 46. Bc3 Kf7 47.
f4 Ke6 48. Kf3 Kd5 49. h4 Kc5 50. h5 h6 51. Ke4 d2 52. Bxd2 Nxd2+ 53. Kf5 Nf1
54. Kg6 Ng3 55. Kxg7 Nxh5+ 56. Kxh6 Nxf4 57. Kg7 Nd5 58. Kg6 Kxb5 59. Kf5 Kc5
60. Ke4 Kd6 61. Kf5 Ke7 62. Ke4 Ke6 63. Kd4 f5 64. Kd3 Ke5 65. Ke2 f4 66. Kf3
Kf5 67. Kf2 Ke4 68. Ke2 f3+ 69. Kf2 Kf4 70. Ke1 Ke3 71. Kf1 f2 0-1

[Event "Women's Speed Chess Q5"]
[Site "chess.com INT"]
[Date "2020.06.22"]
[Round "7"]
[White "Zimina, Olga"]
[Black "Turova, Irina"]
[Result "0-1"]
[WhiteTitle "IM"]
[BlackTitle "IM"]
[WhiteElo "2378"]
[BlackElo "2381"]
[WhiteFideId "4132190"]
[BlackFideId "4120876"]
[EventDate "2020.06.22"]

1. Nf3 f5 2. g3 Nf6 3. Bg2 g6 4. c4 Bg7 5. d4 O-O 6. b3 d6 7. Bb2 Qe8 8. O-O h6
9. Nbd2 g5 10. d5 c5 11. Qc2 Na6 12. a3 f4 13. Rfe1 e5 14. dxe6 Bxe6 15. e3 g4
16. Nh4 f3 17. Bf1 Qh5 18. Bd3 Bf7 19. Ne4 Nxe4 20. Bxe4 Bxb2 21. Qxb2 Nc7 22.
Nf5 Qg5 23. Nxd6 Be6 24. Rad1 Qh5 25. Bd3 Rad8 26. Bf1 b6 27. Ne4 Qf5 28. Nd6
Qh5 29. Rd2 Rd7 30. Red1 Rfd8 31. Ne4 Ne8 32. Rxd7 Rxd7 33. Rxd7 Bxd7 34. Nf6+
Nxf6 35. Qxf6 Qg5 36. Qxg5+ hxg5 37. Bd3 a5 38. Kf1 Kf7 39. Ke1 Kf6 40. Kd2 Ke5
41. Kc3 Be8 42. b4 Bd7 43. bxa5 bxa5 44. Bg6 Kf6 45. Be4 Ke5 46. Bb7 Kf6 47. Kd3
Ke5 48. Ba8 Be8 49. e4 Bg6 50. Ke3 Bf7 51. Bd5 Be8 52. Kd3 Bg6 53. Ke3 Be8 54.
h3 gxh3 55. Kxf3 Bh5+ 56. g4 Bxg4+ 57. Kg3 Bd7 58. f3 Kd4 59. Bf7 a4 60. Bd5 Kc3
61. e5 Kb3 62. e6 Be8 63. Kxh3 Kxa3 64. Be4 Kb2 65. Kg4 a3 66. Kxg5 a2 67. Bg6
Bc6 68. e7 a1=Q 69. f4 Qe1 70. Kf6 Qc3+ 71. Kf7 Qxc4+ 72. Kf8 Qxf4+ 0-1

[Event "Women's Speed Chess Q5"]
[Site "chess.com INT"]
[Date "2020.06.22"]
[Round "7"]
[White "Sharmin, Samiha Shimmi"]
[Black "De Seroux, Camille"]
[Result "1-0"]
[WhiteTitle "WCM"]
[BlackTitle "WIM"]
[WhiteElo "1812"]
[BlackElo "2137"]
[WhiteFideId "10203087"]
[BlackFideId "1305620"]
[EventDate "2020.06.22"]

1. e4 c5 2. Nf3 d6 3. d4 cxd4 4. Nxd4 Nf6 5. Nc3 Nc6 6. Bc4 e6 7. Be3 Be7 8. O-O
O-O 9. f4 Bd7 10. Bb3 Nxd4 11. Bxd4 Bc6 12. e5 dxe5 13. fxe5 Nd7 14. Qg4 Nc5 15.
Rad1 Qc7 16. Ne2 Rad8 17. c3 Nxb3 18. axb3 Bb5 19. c4 Bc6 20. Ng3 b6 21. Kh1 Bb7
22. Nh5 g6 23. Nf6+ Bxf6 24. exf6 Qc6 25. Qh3 Qe4 26. Bc3 Rxd1 27. Rxd1 Qe2 28.
Rg1 Rd8 29. Qg3 Rd1 30. h4 Rxg1+ 31. Kxg1 Qd1+ 32. Kh2 Qd8 33. h5 Be4 34. h6 Bc6
35. Qe5 Bb7 36. Qb5 a6 37. Qe5 Bc6 38. Qe3 b5 39. c5 Qd5 40. Qe2 Qg5 41. Bd2
Qxf6 42. Qd3 Qh4+ 43. Kg1 Qe7 44. Bc3 Qxc5+ 45. Kh1 Qe7 46. Bg7 Bd5 47. Qc3 Qd7
48. Qe3 Bc6 49. Qc3 Qd5 50. Qc2 e5 51. Qe2 e4 52. Qc2 e3 53. Qe2 Qxg2+ 54. Qxg2
e2 55. Bc3 e1=Q+ 56. Bxe1 Bxg2+ 57. Kxg2 f5 58. Kf3 Kf7 59. Kf4 Ke6 60. Kg5 Kd5
61. Bc3 Ke4 62. Be1 Kd3 63. Kf6 Kc2 64. Kg7 Kxb3 65. Kxh7 a5 66. Kxg6 f4 67. h7
f3 68. h8=Q a4 69. Qc3+ Ka2 70. Qa3+ Kb1 71. Bd2 b4 72. Qxb4 a3 73. bxa3+ Kc2
74. Qc3+ Kd1 75. Qc1+ Ke2 76. Qe1+ Kd3 77. Qe3+ Kc2 78. Be1 Kd1 79. Bf2 Kc2 80.
Qxf3 Kb2 81. a4 Kb1 82. a5 Kb2 83. a6 1-0

[Event "Women's Speed Chess Q5"]
[Site "chess.com INT"]
[Date "2020.06.22"]
[Round "7"]
[White "Sukandar, Irine Kharisma"]
[Black "Shukhman, Anna"]
[Result "1-0"]
[WhiteTitle "IM"]
[BlackTitle "WCM"]
[WhiteElo "2413"]
[BlackElo "1866"]
[WhiteFideId "7101937"]
[BlackFideId "54180058"]
[EventDate "2020.06.22"]

1. d4 Nf6 2. Bf4 g6 3. Nc3 Bg7 4. e4 d6 5. Qd2 c6 6. O-O-O Qa5 7. Kb1 b5 8. Bd3
b4 9. Nce2 Ba6 10. Nc1 Nfd7 11. Nge2 c5 12. Nb3 Qb6 13. dxc5 Nxc5 14. Nxc5 Qxc5
15. Be3 Qa5 16. Bd4 O-O 17. Bxg7 Kxg7 18. h4 Bxd3 19. Qxd3 Nd7 20. h5 Ne5 21.
Qh3 Rh8 22. f4 Nc4 23. h6+ Kg8 24. Qd3 Qc5 25. Nd4 f6 26. Nb3 Qc6 27. g4 Kf7 28.
g5 a5 29. gxf6 exf6 30. Nd4 Qc5 31. Nb3 Qc6 32. Rhf1 a4 33. Nd4 Qc5 34. e5 b3
35. cxb3 axb3 36. Nxb3 Qc6 37. exd6 Rhd8 38. Rc1 Rac8 39. Rfd1 Rxd6 40. Qxd6
Qxd6 41. Rxd6 Nxd6 42. Rxc8 Nxc8 43. Nc5 Ke7 44. a4 g5 45. fxg5 fxg5 46. Kc2 g4
47. Ne4 Ke6 48. Kd3 Kf5 49. Ke3 Nb6 50. b3 Nd5+ 51. Kd4 Nf4 52. a5 Ne6+ 53. Ke3
Ke5 54. a6 Nc7 55. a7 Nd5+ 56. Kf2 Nb6 57. Nc5 Kf4 58. Na4 Na8 59. b4 g3+ 60.
Kg2 Kg4 61. b5 Kf4 62. b6 Kg4 63. b7 Nc7 64. b8=Q 1-0

[Event "Women's Speed Chess Q5"]
[Site "chess.com INT"]
[Date "2020.06.22"]
[Round "7"]
[White "Antolak, Julia"]
[Black "Bodnaruk, Anastasia"]
[Result "0-1"]
[WhiteTitle "WIM"]
[BlackTitle "IM"]
[WhiteElo "2323"]
[BlackElo "2411"]
[WhiteFideId "1159569"]
[BlackFideId "4181751"]
[EventDate "2020.06.22"]

1. e4 c5 2. Nf3 d6 3. d4 cxd4 4. Nxd4 Nf6 5. Nc3 a6 6. Bg5 Nbd7 7. Bc4 Qb6 8.
Bb3 e6 9. Qd2 h6 10. Be3 Qc7 11. f3 b5 12. O-O-O b4 13. Nce2 Rb8 14. Kb1 Nc5 15.
c3 bxc3 16. Nxc3 Be7 17. Rc1 O-O 18. g4 Nxb3 19. Nxb3 Qd8 20. h4 Nd7 21. g5 h5
22. f4 Nb6 23. Qe2 g6 24. Nd4 Bd7 25. f5 e5 26. f6 Bxf6 27. gxf6 exd4 28. Bxd4
Kh7 29. Nd5 Bg4 30. Qd2 Nxd5 31. exd5 Rb5 32. Bc3 Qa8 33. Qf4 Qxd5 34. Qa4 Rfb8
35. Ka1 a5 36. Qf4 Be6 37. b3 Qf5 38. Qxd6 a4 39. Rhf1 Qe4 40. Rf4 Qe3 41. Bd2
Qe2 42. Rxa4 R5b6 43. Qd4 Kg8 44. Bc3 Qf3 45. Re1 Qf5 46. Qe5 Qxe5 47. Bxe5 Rc8
48. Rd4 Rbc6 49. Red1 Rc2 50. R4d2 R2c5 51. Bd4 Ra5 52. Kb2 Rca8 53. a4 Rb8 54.
Rd3 Rxa4 55. Be5 Rb7 56. Rd8+ Kh7 57. R1d3 Rab4 58. Rf8 Rxb3+ 59. Rxb3 Rxb3+ 60.
Kc2 Re3 61. Bd4 Re4 62. Bc5 Rxh4 63. Be7 Rc4+ 64. Kd2 h4 65. Rd8 g5 66. Ke3 Kg6
67. Rd1 g4 68. Rh1 h3 69. Kf2 Kg5 70. Kg3 Rc3+ 71. Kf2 g3+ 72. Ke2 Kg4 73. Rg1
g2 74. Bd6 Rc2+ 75. Ke3 Bc4 76. Bh2 Bf1 77. Ke4 Rc6 78. Ke3 Rxf6 79. Ke4 Re6+
80. Kd4 Re8 81. Kd5 f5 82. Kd4 f4 83. Kc3 f3 84. Kd2 f2 0-1

[Event "Women's Speed Chess Q5"]
[Site "chess.com INT"]
[Date "2020.06.22"]
[Round "7"]
[White "Skuhala, Barbara"]
[Black "Mahalakshmi, M"]
[Result "1/2-1/2"]
[WhiteTitle "WFM"]
[BlackTitle "WIM"]
[WhiteElo "2095"]
[BlackElo "2253"]
[WhiteFideId "14605465"]
[BlackFideId "5001080"]
[EventDate "2020.06.22"]

1. e4 c6 2. d4 d5 3. f3 dxe4 4. fxe4 e5 5. Nf3 exd4 6. Bc4 Nf6 7. O-O Bc5 8. Qd3
O-O 9. Bg5 h6 10. Bh4 Be7 11. Nbd2 b5 12. Bb3 a5 13. a4 bxa4 14. Rxa4 Ba6 15.
Bc4 c5 16. b3 Bxc4 17. Nxc4 Nc6 18. Nfe5 Nxe5 19. Nxe5 Qc7 20. Nc4 Rfe8 21. Rfa1
Bd8 22. Bxf6 Bxf6 23. Rxa5 Rxa5 24. Rxa5 Qf4 25. g3 Qc1+ 26. Kg2 Qe1 27. Rxc5
Rxe4 28. Rc8+ Re8 29. Rxe8+ Qxe8 30. Kf3 Qe1 31. Qe2 Qh1+ 32. Qg2 Qd1+ 33. Qe2
Qh1+ 34. Qg2 Qa1 35. Qe2 g6 36. Nd6 Qh1+ 37. Qg2 Qa1 38. Qe2 Qa8+ 39. Qe4 Qa7
40. h3 h5 41. h4 Qb8 42. Qe8+ Qxe8 43. Nxe8 Be5 44. Ke4 Bxg3 45. Nf6+ Kg7 46.
Nd5 Bxh4 47. Kxd4 Bd8 48. Ke4 h4 49. Kf3 f5 50. c4 g5 51. b4 g4+ 52. Kg2 h3+ 53.
Kg1 g3 54. Ne3 f4 55. Nf5+ Kf6 56. Nh4 Ke5 57. Nf3+ Ke4 58. Ne1 Kd4 59. c5 Kc4
60. Nf3 Kxb4 61. Ng5 Be7 62. Nxh3 Bxc5+ 63. Kg2 Bd6 64. Ng1 Kc3 65. Kf3 Kd3 66.
Nh3 Bb8 67. Ng5 Kd4 68. Kg2 Ke3 69. Nf3 Bc7 70. Ng1 Be5 71. Nf3 Bf6 72. Ng1 Bc3
73. Nf3 Ba5 74. Ng1 Bb6 75. Nf3 Ba5 76. Ng1 Ke4 77. Nf3 Kf5 78. Nd4+ Kg4 79. Nf3
Bb6 80. Ne5+ Kf5 81. Nf3 Be3 82. Nh4+ Kg4 83. Nf3 Bb6 84. Ne5+ Kf5 85. Nf3 Ba7
86. Nh4+ Kg4 87. Nf3 Bf2 88. Ne5+ Kf5 89. Nf3 Ke4 90. Ng5+ Ke3 91. Nf3 Ke4 92.
Ng5+ Kf5 93. Nf3 Bc5 94. Nh4+ Kg4 95. Nf3 Bd6 96. Nd2 Be5 97. Nf3 Bc3 98. Ng1
Bd2 99. Nf3 Bc3 100. Ng1 Bb2 101. Nf3 Bf6 102. Ne1 Kf5 103. Nf3 Ke4 104. Ne1 Ke3
105. Nf3 Ke2 106. Ng1+ Kd3 107. Nf3 Bd4 108. Ne1+ Ke2 109. Nf3 Bf6 110. Ng1+ Ke3
111. Nf3 Bd4 112. Ng1 Ke4 1/2-1/2

[Event "Women's Speed Chess Q5"]
[Site "chess.com INT"]
[Date "2020.06.22"]
[Round "8"]
[White "Goltseva, Ekaterina"]
[Black "Shuvalova, Polina"]
[Result "0-1"]
[WhiteTitle "FM"]
[BlackTitle "WGM"]
[WhiteElo "2306"]
[BlackElo "2454"]
[WhiteFideId "24173770"]
[BlackFideId "24171760"]
[EventDate "2020.06.22"]

1. d4 Nf6 2. c4 e6 3. g3 c5 4. d5 exd5 5. cxd5 g6 6. Nc3 Bg7 7. e4 d6 8. Bg2 O-O
9. Nge2 Re8 10. O-O a6 11. a4 Nbd7 12. Bf4 Ne5 13. Qc2 Rb8 14. a5 Bd7 15. Rfb1
Bb5 16. Nxb5 axb5 17. Nc3 b4 18. Ne2 Ra8 19. Ra4 Rxa5 20. Rba1 Rxa4 21. Rxa4 Qd7
22. Ra7 Qb5 23. Bf1 Nf3+ 24. Kg2 Ne1+ 0-1

[Event "Women's Speed Chess Q5"]
[Site "chess.com INT"]
[Date "2020.06.22"]
[Round "8"]
[White "Nikoladze, Sopio"]
[Black "Frayna, Janelle Mae"]
[Result "1-0"]
[WhiteTitle "WIM"]
[BlackTitle "WGM"]
[WhiteElo "2132"]
[BlackElo "2179"]
[WhiteFideId "13600427"]
[BlackFideId "5212499"]
[EventDate "2020.06.22"]

1. d4 Nf6 2. Nf3 g6 3. g3 Bg7 4. Bg2 O-O 5. O-O d5 6. c4 c6 7. Ne5 Nbd7 8. Nc3
dxc4 9. Nxc4 Nb6 10. Ne5 Be6 11. f4 Ng4 12. e3 Nxe5 13. fxe5 Nd5 14. e4 Nxc3 15.
bxc3 Bd7 16. Ba3 Re8 17. Qf3 Be6 18. d5 cxd5 19. exd5 Bf5 20. g4 Bxe5 21. gxf5 1-0

[Event "Women's Speed Chess Q5"]
[Site "chess.com INT"]
[Date "2020.06.22"]
[Round "8"]
[White "Bommini, Mounika Akshaya"]
[Black "Bogumil, Tatiana"]
[Result "0-1"]
[WhiteTitle "WFM"]
[BlackTitle "WGM"]
[WhiteElo "2029"]
[BlackElo "2182"]
[WhiteFideId "25019872"]
[BlackFideId "4110579"]
[EventDate "2020.06.22"]

1. d4 Nf6 2. c4 c5 3. d5 b5 4. Qc2 bxc4 5. e4 d6 6. Bxc4 g6 7. Nc3 Bg7 8. f4 O-O
9. Nf3 Qa5 10. O-O Ba6 11. Bxa6 Nxa6 12. e5 Nb4 13. Qd2 Ne8 14. Ne4 Qb6 15. a3
Na6 16. Qf2 Qb3 17. Nc3 Nac7 18. Rd1 Rb8 19. Qh4 Nb5 20. Nxb5 Qxd1+ 0-1

[Event "Women's Speed Chess Q5"]
[Site "chess.com INT"]
[Date "2020.06.22"]
[Round "8"]
[White "Meenakshi, Subbaraman"]
[Black "Khalafova, Narmin"]
[Result "1-0"]
[WhiteTitle "WGM"]
[BlackTitle "WGM"]
[WhiteElo "2171"]
[BlackElo "2279"]
[WhiteFideId "5004381"]
[BlackFideId "13402625"]
[EventDate "2020.06.22"]

1. d4 g6 2. c4 Bg7 3. e4 d6 4. Nc3 e5 5. Be3 Nc6 6. Nf3 Bg4 7. d5 Nd4 8. Be2
Bxf3 9. Bxf3 c5 10. dxc6 bxc6 11. Bxd4 exd4 12. Ne2 Qa5+ 13. Qd2 Qc5 14. O-O Ne7
15. Rfd1 Rb8 16. b3 O-O 17. Nxd4 d5 18. cxd5 cxd5 19. Rac1 Qd6 20. exd5 Nxd5 21.
Nc6 1-0

[Event "Women's Speed Chess Q5"]
[Site "chess.com INT"]
[Date "2020.06.22"]
[Round "8"]
[White "Sowa, Wiktoria"]
[Black "Priyanka, K"]
[Result "0-1"]
[WhiteTitle "WFM"]
[BlackTitle "WIM"]
[WhiteElo "2093"]
[BlackElo "2218"]
[WhiteFideId "21836701"]
[BlackFideId "5082986"]
[EventDate "2020.06.22"]

1. e4 c5 2. Nf3 d6 3. d4 cxd4 4. Qxd4 Nf6 5. Bg5 e5 6. Qd2 h6 7. Bxf6 Qxf6 8.
Nc3 Be6 9. Nd5 Bxd5 10. Qxd5 Nc6 11. O-O-O Be7 12. Kb1 Qe6 13. Qd2 O-O 14. Bd3
a5 15. Qe2 Rfb8 16. Nd2 b5 17. c3 b4 18. Bc4 Qc8 19. cxb4 Rxb4 20. Bd5 Rab8 21.
Nc4 Nd4 22. Qh5 Rxb2+ 23. Nxb2 Qc2+ 0-1

[Event "Women's Speed Chess Q5"]
[Site "chess.com INT"]
[Date "2020.06.22"]
[Round "8"]
[White "Shukhman, Anna"]
[Black "Doluhanova, Evgeniya"]
[Result "1-0"]
[WhiteTitle "WCM"]
[BlackTitle "WGM"]
[WhiteElo "1866"]
[BlackElo "2229"]
[WhiteFideId "54180058"]
[BlackFideId "14112035"]
[EventDate "2020.06.22"]

1. e4 e5 2. Nf3 Nc6 3. Bb5 Nf6 4. O-O Nxe4 5. d4 Nd6 6. dxe5 Nxb5 7. a4 Nbd4 8.
Nxd4 d5 9. exd6 Bxd6 10. Re1+ Ne7 11. Bg5 O-O 12. Qe2 Re8 13. Nc3 c5 14. Ndb5 f6
15. Rad1 fxg5 16. Nxd6 Qa5 1-0

[Event "Women's Speed Chess Q5"]
[Site "chess.com INT"]
[Date "2020.06.22"]
[Round "8"]
[White "Sliwicka, Alicja"]
[Black "Klinova, Masha"]
[Result "1-0"]
[WhiteTitle "WIM"]
[BlackTitle "IM"]
[WhiteElo "2317"]
[BlackElo "2275"]
[WhiteFideId "1150677"]
[BlackFideId "2802015"]
[EventDate "2020.06.22"]

1. e4 d6 2. d4 Nf6 3. Nc3 e5 4. Nf3 Nbd7 5. g4 g6 6. g5 Nh5 7. Bc4 Bg7 8. Be3
O-O 9. Qd2 c6 10. O-O-O b5 11. Bb3 Qe7 12. dxe5 Nxe5 13. Nxe5 dxe5 14. Ne2 Be6
15. Qd6 Qxd6 16. Rxd6 Bxb3 17. axb3 Rfc8 18. Rhd1 a5 19. Rd7 Bf8 20. Rb7 a4 21.
bxa4 Rxa4 22. Rdd7 Rxe4 23. Rxf7 Rh4 24. Rxh7 Rxh2 25. c3 Bg7 26. Rbxg7+ Nxg7
27. Rxh2 Nf5 28. Bc5 Kf7 29. Ng3 Ke6 30. Nxf5 Kxf5 31. Rg2 e4 32. Be7 Rh8 33.
Rg1 Rh2 34. Rf1 Kf4 35. Bd6+ Kf3 36. Bxh2 1-0